00343 2200145 4500245005500000250001100055100002400066650001600090650001700106005001900123260001800142041001400160084001400174336000900188 aA Life Written in StarscARISKA NURRIZQILLAHhText aCet. 1 aARISKA NURRIZQILLAH aKarya Siswa aAutobiografi a20250521075743 aJakartac2025 aIndonesia a081 ARI a atext